<?xml version="1.0" encoding="UTF-8"?>
<marc:record xmlns:marc="http://www.loc.gov/MARC21/slim">
   <marc:leader>00000nam a2200000 a 4500</marc:leader>
   <marc:datafield ind1="1" ind2=" " tag="100">
      <marc:subfield code="a">Müller, Wilhelm</marc:subfield>
      <marc:subfield code="4">aut</marc:subfield>
      <marc:subfield code="e">Verfasser/-in</marc:subfield>
   </marc:datafield>
   <marc:datafield ind1=" " ind2=" " tag="653">
      <marc:subfield code="a">Germanen</marc:subfield>
   </marc:datafield>
   <marc:datafield ind1=" " ind2=" " tag="653">
      <marc:subfield code="a">Heidentum</marc:subfield>
   </marc:datafield>
   <marc:datafield ind1=" " ind2=" " tag="653">
      <marc:subfield code="a">Mythos</marc:subfield>
   </marc:datafield>
   <marc:datafield ind1=" " ind2=" " tag="653">
      <marc:subfield code="a">Germane</marc:subfield>
   </marc:datafield>
   <marc:datafield ind1=" " ind2=" " tag="653">
      <marc:subfield code="a">Germanische Mythologie</marc:subfield>
   </marc:datafield>
   <marc:datafield ind1=" " ind2=" " tag="653">
      <marc:subfield code="a">Heiden</marc:subfield>
   </marc:datafield>
   <marc:datafield ind1=" " ind2=" " tag="653">
      <marc:subfield code="a">altdeutsch</marc:subfield>
   </marc:datafield>
   <marc:datafield ind1="0" ind2="0" tag="245">
      <marc:subfield code="a">Germanische Mythologie</marc:subfield>
   </marc:datafield>
   <marc:datafield ind1="0" ind2="0" tag="245">
      <marc:subfield code="b">Geschichte, Religionssystem und Mythen des Altdeutschen Heiden- und Christentums</marc:subfield>
   </marc:datafield>
   <marc:datafield ind1=" " ind2="1" tag="264">
      <marc:subfield code="b">Bohmeier Verlag</marc:subfield>
      <marc:subfield code="c">2008</marc:subfield>
   </marc:datafield>
   <marc:datafield ind1="1" ind2=" " tag="520">
      <marc:subfield code="a">Die Altdeutschen Götter, Mythen, Feste, Bräuche, Legenden und Zauber, sowie die alten Heldensagen sind heutzutage vielen unbekannt. Obwohl sich viele der regional sehr unterschiedlichen Feste und Kulturbräuche insbesondere in der Landwirtschaft (wie z.B. zur Obsternte, zur Saatzeit usw.) mit den christlichen vermischt haben, liegen ihre Ursprünge im Dunkeln. Häufig lassen die beweglichen christlichen Feste, wenn diese sich mit alten heidnischen Riten vermischt haben, den Anlass für das zu vermutende heidnische Fest nicht mehr erkennen, bzw. ähnliche oder gleiche Bräuche fallen in verschiedenen Gegenden in unterschiedliche Zeiten. Andere Traditionen haben sich nur fragmentarisch und in einzelnen Regionen erhalten, während sie anderenorts erloschen sind oder vielleicht niemals bestanden. Insbesondere die Götter, Helden, Riesen, Zwerge, Nornen, Walküren, Geister, Unholde und andere Hilfsgeister wurden von den meisten Menschen einfach vergessen, genauso wie die Rituale und Magie um ihnen zu huldigen.</marc:subfield>
   </marc:datafield>
   <marc:datafield ind1=" " ind2=" " tag="020">
      <marc:subfield code="a">9783890945545</marc:subfield>
      <marc:subfield code="9">9783890945545</marc:subfield>
   </marc:datafield>
</marc:record>
